Las Torres gemelas y los nuevos dilemas de la comunicación global /

Guardat en:
Dades bibliogràfiques
Autor principal: Reyes, Matta, Fernando
Format: Text
Matèries:
Etiquetes: Afegir etiqueta
Sense etiquetes, Sigues el primer a etiquetar aquest registre!

MARC

LEADER 00000 a a2200000 04500
001 7676
003
040
100 |a Reyes, Matta, Fernando  
245 |a Las Torres gemelas y los nuevos dilemas de la comunicación global /  |c Fernando Reyes, Matta 
650 |a TERRORISMO  
650 |a MEDIOS DE COMUNICACION DE MASAS  
650 |a DISCRIMINACION RACIAL  
773 |g volumen 34, número 136; páginas 85-94  
999 |c 26720  |d 26720